000 00424cam a2200169ua 4500
003 OSt
008 250415b |||||||| |||| 00| 0 eng d
020 _a0-07-006776-7
041 _aeng
082 _a624.15
_bBOW/FO
100 _aBowles, Joseph E.
_97396
245 _aFoundation analysis and design /
250 _a4 /
260 _aNew York :
_bMcGraw Hill Book Company ,
_c1988.
300 _a1004 ; .
942 _cBK
999 _c10751
_d10751